00529nam a2200169Ia 4500003000900000008004100009020002200050040001600072080001500088100001900103245009000122260002900212300001400241490004900255650002000304650003500324IN-BaIIA211028s9999 xx 000 0 eng d a978-1-4614-8156-0 cIIA Library a52-77bARN aArnold, Steven 0aGetting started in radio astronomybbeginner projects for the amateurcArnold, Steven aNew YorkbSpringerc2014 axi, 208p. aThe Patrick Moore practical astronomy series aRadio astronomy aRadio astronomy - popular work